| 000 | 00724nam a22002297a 4500 | ||
|---|---|---|---|
| 005 | 20251108172101.0 | ||
| 008 | 250721s1994 xx 000 0 ara d | ||
| 082 | 1 | 4 | _a928.11/بدي |
| 100 | 1 | _aالبديعي الدمشقي، يوسف | |
| 245 | 1 | 0 | _aالصبح المنبى عن حيثية المتنبي / |
| 250 | _aط3 | ||
| 264 | 1 |
_aالقاهرة : _bدار المعارف، _c1994. |
|
| 300 | _a532ص | ||
| 490 | 0 | _aذخائر العرب ؛ 36 | |
| 650 | 1 | 7 | _aالتراجم |
| 650 | 1 | 7 | _aالشعر العباسي |
| 700 | 1 |
_aالسقا، مصطفى _eتحقيق |
|
| 700 | 1 |
_aشتا، محمد _eتحقيق |
|
| 700 | 1 |
_aعبده، عبده زياد _eتحقيق |
|
| 942 |
_2ddc _cBK |
||
| 999 |
_c70039 _d70039 |
||